Seven Years War Quiz - Statistics

General Stats
  • This quiz has been taken 154 times
  • The average score is 8 of 32
Answer Stats
Hint Answer % Correct
European powers allied with Holy Roman Empire France
70%
European powers allied with Holy Roman Empire Russia
68%
2 French cities captured by Britian, ending French chances at North American control Quebec
63%
What Holy Roman Empire territory was captured by Prussia in ^ Silesia
59%
Which Prussian King took said territory Frederick II
53%
French allied Indian empire Mughal Empire
53%
Settlements where the other two theatres were fought India
52%
2 French cities captured by Britian, ending French chances at North American control Montreal
50%
The city Prussia first attacked to start the conflict Saxony
46%
Settlements where the other two theatres were fought North America
42%
European powers allied with Holy Roman Empire Sweden
40%
European power allied with Prussia Hanover
39%
European power allied with Prussia Britain
38%
The kingdom Prussia attacked in 1757 Bohemia
31%
French-Indian capital falls, France loses in India Pondicherry
23%
Russian leader who dies in 1762 Elizabeth
19%
This European war was a key factor in The Seven Years War War of the Austrian Succession
16%
Major battle between Prussia and France, won by Prussia. Prussia lost 548, to France's 10,000 men. Battle of Rossbach
14%
Major battle between Prussia and Holy Roman Empire, won by Prussia. Frederick always said it was his greatest victory Battle of Leuthen
12%
Prussians defeated in 1759, by Russians and Austrians. Frederick's greatest loss Battle of Kunersdorf
8%
1758, Major Russian assault on East Prussia, defended but heavy casualities Battle of Zorndorf
8%
The battle which forced Prussia out of ^ entirely Battle of Kolin
6%
In 1758, Frederick invaded ___ in his last attempt on Austrian soil Moravia
6%
Which leader wanted to regain ^ as motivation for entering Seven Years War Mary Theresa
5%
Austrian and Prussian stalemate ends in 1763 with the Treaty of Hubertusburg
4%
Prussians defeated in 1759, by Austrian forces Battle of Maxen
3%
The East Prussian fortress attacked and overran by Russians Memel
3%
Her successor pulled Russia out of the war with Treaty of Saint Petersburg
3%
Battle where France conquers Hanover, knocks them out of the war. Battle of Hastenback
2%
Prussians defeated in 1759, by Russia Battle of Kay
2%
Decisive Battle which forces France out of North America Battle of Signal Hill
2%
Frederick recaptures ____ to force Austrians out of Silesia Schweidnitz
2%
No matching quizzes found
Score Distribution
Percent of People with Each Score
Percentile by Number Answered
Your Score History
You have not taken this quiz